Savills UK commercial development activity PMI (Record no. 107584)
[ view plain ]
| 000 -LEADER | |
|---|---|
| fixed length control field | 01415cai a22002295a 4500 |
| 001 - CONTROL NUMBER | |
| control field | L140971 |
| 008 - FIXED-LENGTH DATA ELEMENTS--GENERAL INFORMATION | |
| fixed length control field | 070424u2007 xxkad f s 000 0 eng d |
| 035 ## - SYSTEM CONTROL NUMBER | |
| System control number | (Sirsi) u140971 |
| 041 0# - LANGUAGE CODE | |
| Language code of text/sound track or separate title | eng |
| 050 04 - LIBRARY OF CONGRESS CALL NUMBER | |
| Classification number | 333.33 $2 18 |
| 110 2# - MAIN ENTRY--CORPORATE NAME | |
| Corporate name or jurisdiction name as entry element | Savills |
| 9 (RLIN) | 2020 |
| 245 00 - TITLE STATEMENT | |
| Title | Savills UK commercial development activity PMI |
| Remainder of title | July 2007 |
| Medium | [electronic resource] |
| 260 ## - PUBLICATION, DISTRIBUTION, ETC. | |
| Place of publication, distribution, etc. | London |
| Name of publisher, distributor, etc. | Savills |
| Date of publication, distribution, etc. | 2007 |
| 490 #0 - SERIES STATEMENT | |
| Series statement | Savills UK Commercial Development Activity PMI |
| Volume/sequential designation | July 2007 |
| 520 ## - SUMMARY, ETC. | |
| Summary, etc. | Reports the Total Commercial Activity Index stood at 56.2 in June, representing a 12.3% increase from the previous month. However, the index was down from 61.0 in May, representing the slowest rate of growth in five months. Public and private sector construction stood at 50.2 and 59.3 respectively, with activity growth in both areas of development the weakest since January (ie 56.1 and 64.2 respectively). For a fifth consecutive month, private sector new build was the strongest performing area of commercial activity covered by the survey. The latest expansion of public sector new build was 15.5%; the highest increase for eight months. |
| 590 ## - LOCAL NOTE (RLIN) | |
| Local note | KA |
| 650 24 - SUBJECT ADDED ENTRY--TOPICAL TERM | |
| Topical term or geographic name entry element | SAVILLS UK COMMERCIAL DEVELOPMENT ACTIVITY PMI |
| 651 #4 - SUBJECT ADDED ENTRY--GEOGRAPHIC NAME | |
| Geographic name | England and Wales |
| Chronological subdivision | 1543- |
| 690 ## - LOCAL SUBJECT ADDED ENTRY--TOPICAL TERM (OCLC, RLIN) | |
| Topical term or geographic name as entry element | PROPERTY-COMMERCIAL PROPERTY-COMMERCIAL PROPERTY MARKET |
| 856 40 - ELECTRONIC LOCATION AND ACCESS | |
| Uniform Resource Identifier | <a href="https://www.savills.com/">https://www.savills.com/</a> |
| Public note | View the item free of charge at www.savills.com... |
| 942 ## - ADDED ENTRY ELEMENTS (KOHA) | |
| Suppress in OPAC | 0 |
| Withdrawn status | Lost status | Source of classification or shelving scheme | Damaged status | Not for loan | Home library | Current library | Shelving location | Date acquired | Total Checkouts | Full call number | Barcode | Date last seen | Copy number | Price effective from | Koha item type |
|---|---|---|---|---|---|---|---|---|---|---|---|---|---|---|---|
| Dewey Decimal Classification | Virtual | Virtual | Online | 23/10/2007 | ONLINE PUBLICATION | 140971-1001 | 06/08/2019 | 1 | 06/08/2019 | Book |